000 01105nac a22003977a 4500
001 BR6004297
003 BR-BrBNA
005 20240105113108.0
008 230509b bl.|||m| |||| 00| 0 por d
040 _aBR-BrBNA
_bpor
_cBiblioteca Nacional de Agricultura
072 _aL10; L00
090 _a6100 BR6004297
100 1 _aBiedma, P.C.
100 1 _aSequeira, O. de
245 1 _aCartilha avicola brasileira [Zoologia; Zootecnia; Biologia; Galinha; Peru; Pato; Ganso; Marreco; Pombo]
250 1 _a9. ed.
260 3 _aSao Paulo, SP (Brasil):
_bChacaras e Quintais,
_c1952.
300 _a460 p.
490 _aBiblioteca Agricola Popular Brasileira (Brazil)
_v
_x
650 _aREPRODUCAO ANIMAL
650 _aGENETICA
650 _aHEREDITARIEDADE
650 _aCRUZAMENTO
650 _aCRIACAO
650 _aRACA
650 _aGALINHA
650 _aPERU
650 _aGANSO
650 _aPATO
650 _aMARRECO
650 _aPOMBO
650 _aINCUBACAO
650 _aNUTRICAO ANIMAL
909 _a202312
_bLúcia Elande
_c55
_dLúcia Elande
942 _2AGRIS
_n0
_cMS
999 _c261862
_d261862